Kunststiftungen und Kunstbesitz Erdmuthes von Brandenburg, Herzogin zu Pommern-Stettin (1561-1623)
| Titel: | Kunststiftungen und Kunstbesitz Erdmuthes von Brandenburg, Herzogin zu Pommern-Stettin (1561-1623) / Monika Frankowska-Makała, Rafał Makała |
|---|---|
| Verfasser: | ; |
| In: |
Zwischen ThronSaal und FrawenZimmer. Handlungsfelder pommerscher Fürstinnen um 1600 im Vergleich, Veranstaltung (2014 : Greifswald): Zwischen Thronsaal und Frawenzimmer, (2017), Seite 165-178 alle Artikel anzeigen |
| Veröffentlicht: | 2017 |
| Format: | Aufsatz |
| Sprache: | Deutsch |
X
alg: 54282456 001A $03025:11-03-26 001B $03025:11-03-26 $t16:42:14.000 001D $03025:11-03-26 001U $0utf8 001X $00 002@ $0Aou 002C $aText $btxt $2rdacontent 002D $aohne Hilfsmittel zu benutzen $bn $2rdamedia 002E $aBand $bnc $2rdacarrier 003@ $0542824566 010@ $ager 010E $erda 011@ $a2017 021A $aKunststiftungen und Kunstbesitz Erdmuthes von Brandenburg, Herzogin zu Pommern-Stettin (1561-1623) $hMonika Frankowska-Makała, Rafał Makała 028A $BVerfasser $4aut $8Frankowska-Makała, Monika [Tp3] $944648203X 028C $BVerfasser $4aut $713583466X $8Makała, Rafał$Z1967- [Tp3] $9202181480 031A $h165-178 $j2017 039B $aEnthalten in $8--Aau--Zwischen ThronSaal und FrawenZimmer. Handlungsfelder pommerscher Fürstinnen um 1600 im Vergleich$gVeranstaltung$d2014$cGreifswald [Tf3]. Zwischen Thronsaal und Frawenzimmer. - Köln : Böhlau, 2017. - 402 Seiten. - Illustrationen, Diagramme, Karten. - ISBN 978-3-412-50560-8 $x201700000000000835 $9403935474 044K $RJohann Georg $RJohann Friedrich $RAnna Maria $#Erdmuthe$#Erdmut $#Erdmuth $#Erdmut $#Erdmuth $#Erdtmud $#Erdtmud $#Erdmut $#Erdmuthe $#Erdmuthe $#EGMZBHZSP $7123510481 $8$PErdmuthe$lPommern-Stettin, Herzogin$Z1561-1623 [Tp1] $9154407259 044K $RStiftung $74588990-9 $8Kunststiftung [Ts1] $909121761X 044K $#Kunst Besitz $74166021-3 $8Kunstbesitz [Ts1] $9085745545 045F $a305.3094381609032 $eDDC23BSB 045F/01 $a305.309 045F/03 $f09032 045F/03 $f09031 045F/03 $g43816 045G $a709.4381609032 $eDDC23BSB 045G/01 $a709 045G/03 $f09032 045G/03 $f09031 045G/03 $g43816 045R $aGeschichte 1561-1623 lok: 54282456 78 exp: 54282456 78 1 #EPN 201B/01 $011-03-26 $t11:31:45.000 201C/01 $011-03-26 201U/01 $0utf8 203@/01 $01337395129 208@/01 $a11-03-26 $be 209A/01 $a/ $f000 $x00 209A/01 $ab*p $x01 220C/01 $apgar 244Z/01 $#Pommern $#Pommern $#Herzogtum Pommern $#Herzogthum Pommern $#Provinz Pommern $#Pomorze $74046744-2 $8--Tg1--Pommern $x01 $9085130354 247C/01 $82080>Marburg/Lahn, Herder-Institut, Forschungsbibliothek, Bibliographieportal $9336309341
| LEADER | 00000naa a2200000 c 4500 | ||
|---|---|---|---|
| 001 | 542824566 | ||
| 003 | DE-603 | ||
| 005 | 20260311164214.0 | ||
| 007 | tu | ||
| 008 | 260311s2017 xx |||| | u00||u|ger c | ||
| 035 | |a (DE-599)HEB542824566 | ||
| 040 | |a DE-603 |b ger |c DE-603 |d DE-603 |e rda | ||
| 041 | |a ger | ||
| 082 | 0 | 4 | |8 1\u |a 305.3094381609032 |q DE-101 |2 23/BSB |
| 083 | 0 | |8 2\u |a 709.4381609032 |q DE-101 |2 23/BSB | |
| 085 | |8 1\u |b 305.309 | ||
| 085 | |8 1\u |z 1 |s 09032 | ||
| 085 | |8 1\u |z 1 |s 09031 | ||
| 085 | |8 1\u |z 2 |s 43816 | ||
| 085 | |8 2\u |b 709 | ||
| 085 | |8 2\u |z 1 |s 09032 | ||
| 085 | |8 2\u |z 1 |s 09031 | ||
| 085 | |8 2\u |z 2 |s 43816 | ||
| 100 | 1 | |a Frankowska-Makała, Monika |e Verfasser |4 aut |0 (DE-603)44648203X |0 (DE-588)1181246253 |2 gnd | |
| 245 | 0 | 0 | |a Kunststiftungen und Kunstbesitz Erdmuthes von Brandenburg, Herzogin zu Pommern-Stettin (1561-1623) |c Monika Frankowska-Makała, Rafał Makała |
| 264 | 0 | |c 2017 | |
| 336 | |a Text |b txt |2 rdacontent | ||
| 337 | |a ohne Hilfsmittel zu benutzen |b n |2 rdamedia | ||
| 338 | |a Band |b nc |2 rdacarrier | ||
| 600 | 0 | 7 | |a Erdmuthe |c Pommern-Stettin, Herzogin |d 1561-1623 |0 (DE-588)123510481 |0 (DE-603)154407259 |2 gnd |
| 648 | 7 | |a Geschichte 1561-1623 |2 gnd | |
| 650 | 7 | |a Kunststiftung |0 (DE-588)4588990-9 |0 (DE-603)09121761X |2 gnd | |
| 650 | 7 | |a Kunstbesitz |0 (DE-588)4166021-3 |0 (DE-603)085745545 |2 gnd | |
| 700 | 1 | |a Makała, Rafał |d 1967- |e Verfasser |4 aut |0 (DE-603)202181480 |0 (DE-588)13583466X |2 gnd | |
| 773 | 0 | 8 | |i Enthalten in |a Zwischen ThronSaal und FrawenZimmer. Handlungsfelder pommerscher Fürstinnen um 1600 im Vergleich, Veranstaltung (2014 : Greifswald) |t Zwischen Thronsaal und Frawenzimmer |d Köln : Böhlau, 2017 |h 402 Seiten, Illustrationen, Diagramme, Karten |z 9783412505608 |z 3412505609 |g (2017), Seite 165-178 |w (DE-603)403935474 |
| 924 | 0 | |9 2080 |a (DE-603)1337395129 |b DE-2080 |c HES |d d |g / | |


